00748 2200193 4500245006900000020001800069250002000087100002000107700001900127650002300146650001500169005001900184260004300203041001400246084001000260300002800270500024700298336000900545 aAyat Kursi b : Menjadi Remaja PemberanicBambang Q-AneeshText a979-3782-31-5 aCet. Ed. Khusus aBambang Q-Anees aR. Karyanti S. aKandungan Al-Quran aAyat Kursi a20240506121050 aBandungbSimbiosa Rekatama Mediac2009 aIndonesia a2X6.1 aviii, 124 hlm. :cilus. a''Bukunya bagus banget ! Apalagi tentang Ayat Kursi-nya. Aku tersentuh banget pas baca buku ini. Pokoknya acungin banyak jempol buat yang nulis. Semoga banyak novel islami kayak gini, biar para remaja tau gunanya membaca ayat-ayat Al-Quran''. atext